00343nam a2200109Ia 4500008004100000020002200041041001200063100004600075245005900121260003200180650002100212231221s9999 xx 000 0 und d a978-0-85729-865-2 aEnglish aBernard P. Zeigler, Hessam S. Sarjoughian 0aGuide to Modeling and Simulation of Systems of Systems c2013bSpringer USaNew York aComputer Science